Banking Law and Practice / (Record no. 210705)
[ view plain ]
| 000 -LEADER | |
|---|---|
| fixed length control field | 00687nam a2200229Ia 4500 |
| 005 - DATE AND TIME OF LATEST TRANSACTION | |
| control field | 20220210135300.0 |
| 008 - FIXED-LENGTH DATA ELEMENTS--GENERAL INFORMATION | |
| fixed length control field | 210716s2012 xx 000 0 und d |
| 020 ## - INTERNATIONAL STANDARD BOOK NUMBER | |
| International Standard Book Number | 8121939844 |
| 040 ## - CATALOGING SOURCE | |
| Transcribing agency | AIMIT LIBRARY |
| 041 ## - LANGUAGE CODE | |
| Language code of text/sound track or separate title | eng |
| 082 ## - DEWEY DECIMAL CLASSIFICATION NUMBER | |
| Classification number | 332.12 |
| Edition number | 1 |
| Item number | MISS |
| 100 ## - MAIN ENTRY--PERSONAL NAME | |
| Personal name | Mishra, Sukhvinder. |
| 9 (RLIN) | 13082 |
| 245 ## - TITLE STATEMENT | |
| Title | Banking Law and Practice / |
| Statement of responsibility, etc. | by Sukhvinder Mishra. |
| 250 ## - EDITION STATEMENT | |
| Edition statement | 1st ed. |
| 260 ## - PUBLICATION, DISTRIBUTION, ETC. | |
| Place of publication, distribution, etc. | New Delhi : |
| Name of publisher, distributor, etc. | S Chand and Company Ltd , |
| Date of publication, distribution, etc. | 2012. |
| 300 ## - PHYSICAL DESCRIPTION | |
| Extent | x,958p. ; |
| Dimensions | 23.6 cm. |
| 650 ## - SUBJECT ADDED ENTRY--TOPICAL TERM | |
| Topical term or geographic name entry element | Banking Law. |
| 9 (RLIN) | 13087 |
| 650 ## - SUBJECT ADDED ENTRY--TOPICAL TERM | |
| Topical term or geographic name entry element | Financial System. |
| 9 (RLIN) | 13088 |
| 650 ## - SUBJECT ADDED ENTRY--TOPICAL TERM | |
| Topical term or geographic name entry element | Indian Banking System. |
| 9 (RLIN) | 13089 |
| 650 ## - SUBJECT ADDED ENTRY--TOPICAL TERM | |
| Topical term or geographic name entry element | Commercial Banks. |
| 9 (RLIN) | 13090 |
| 942 ## - ADDED ENTRY ELEMENTS (KOHA) | |
| Source of classification or shelving scheme | Dewey Decimal Classification |
| Koha item type | Book |
| Edition | 1st |
| Call number prefix | 332.12 MISS |
| Withdrawn status | Lost status | Source of classification or shelving scheme | Damaged status | Not for loan | Collection code | Home library | Current library | Date acquired | Cost, normal purchase price | Inventory number | Total Checkouts | Full call number | Barcode | Date last seen | Cost, replacement price | Price effective from | Koha item type |
|---|---|---|---|---|---|---|---|---|---|---|---|---|---|---|---|---|---|
| Dewey Decimal Classification | MBA | St Aloysius Institute of Management & Information Technology | St Aloysius Institute of Management & Information Technology | 11/17/2018 | 395.00 | Bill no:3498; Bill dt:2018-11-05 | 332.12 MISS | MBA13273 | 05/23/2026 | 308.10 | 07/16/2021 | Book | |||||
| Dewey Decimal Classification | MBA | St Aloysius Institute of Management & Information Technology | St Aloysius Institute of Management & Information Technology | 11/17/2018 | 395.00 | Bill no:3498; Bill dt:2018-11-05 | 332.12 MISS | MBA13274 | 05/23/2026 | 308.10 | 07/16/2021 | Book | |||||
| Dewey Decimal Classification | MBA | St Aloysius Institute of Management & Information Technology | St Aloysius Institute of Management & Information Technology | 11/17/2018 | 395.00 | Bill no:3498; Bill dt:2018-11-05 | 332.12 MISS | MBA13275 | 05/23/2026 | 308.10 | 07/16/2021 | Book | |||||
| Dewey Decimal Classification | MBA | St Aloysius Institute of Management & Information Technology | St Aloysius Institute of Management & Information Technology | 11/17/2018 | 395.00 | Bill no:3498; Bill dt:2018-11-05 | 332.12 MISS | MBA13276 | 05/23/2026 | 308.10 | 07/16/2021 | Book | |||||
| Dewey Decimal Classification | MBA | St Aloysius Institute of Management & Information Technology | St Aloysius Institute of Management & Information Technology | 11/17/2018 | 395.00 | Bill no:3498; Bill dt:2018-11-05 | 332.12 MISS | MBA13277 | 05/23/2026 | 308.10 | 07/16/2021 | Book |